Statistics for Word Scramble - Soccer Players

Click here to take the quiz!

General Stats

  • This quiz has been taken 246 times
    (236 since last reset)
  • The average score is 10 of 18

Answer Stats

HintAnswer% Correct
plua bapgopaul pogba
84%
oimra zetgoMario gotze
75%
inlloe siemsLionel Messi
74%
viekn ed ueybnrKevin de bruyne
73%
need adrzahEden hazard
70%
ulsi ruazseLuis Suarez
65%
initsroca noadrolCristiano ronaldo
60%
nelmau rueenManuel Neuer
60%
tebrbor aidwkenlswoRobert lewandowski
55%
shamot elrulmThomas Muller
55%
oitn sorkoToni Kroos
55%
yelkro aasnvKeylor Navas
50%
ighaot lavsithiago silva
50%
islxea hanszceAlexis Sanchez
45%
ogesri goraueSergio Aguero
33%
zologna iiungahGonzalo higuain
30%
eejmor teonbgaJerome boateng
26%
ladeni grerdsuitDaniel sturridge
11%

Score Distribution

Percentile by Number Answered

Percent of People with Each Score

Your Score History

You have not taken this quiz since the last reset